<?xml version="1.0" encoding="UTF-8"?>
<record
    xmlns:xsi="http://www.w3.org/2001/XMLSchema-instance"
    xsi:schemaLocation="http://www.loc.gov/MARC21/slim http://www.loc.gov/standards/marcxml/schema/MARC21slim.xsd"
    xmlns="http://www.loc.gov/MARC21/slim">

  <leader>01312nam a2200301 a 4500</leader>
  <controlfield tag="001">1494259</controlfield>
  <controlfield tag="003">CO-MqBPB</controlfield>
  <controlfield tag="005">20220603120810.0</controlfield>
  <controlfield tag="008">150910r20152014ck     gr     0001fdspa d</controlfield>
  <datafield tag="020" ind1=" " ind2=" ">
    <subfield code="a">9789588886183</subfield>
  </datafield>
  <datafield tag="040" ind1=" " ind2=" ">
    <subfield code="a">CO-MqBPB</subfield>
    <subfield code="b">spa </subfield>
    <subfield code="c">CO-MqBPB</subfield>
  </datafield>
  <datafield tag="043" ind1=" " ind2=" ">
    <subfield code="a">s-ck---</subfield>
  </datafield>
  <datafield tag="082" ind1="0" ind2="4">
    <subfield code="a">AN</subfield>
    <subfield code="b">GARn</subfield>
  </datafield>
  <datafield tag="100" ind1="1" ind2=" ">
    <subfield code="a">Garc&#xFFFD;a M&#xFFFD;rquez, Gabriel, </subfield>
    <subfield code="d">1927-2014.</subfield>
  </datafield>
  <datafield tag="240" ind1="1" ind2="0">
    <subfield code="a">Magdalena-Bibliograf&#xED;a regional</subfield>
  </datafield>
  <datafield tag="245" ind1="1" ind2="0">
    <subfield code="a">Noticia de un secuestro / </subfield>
    <subfield code="c">Gabriel Garc&#xED;a M&#xE1;rquez.</subfield>
  </datafield>
  <datafield tag="250" ind1=" " ind2=" ">
    <subfield code="a">Primera edici&#xF3;n</subfield>
    <subfield code="b">Novena Reimpresi&#xF3;n.</subfield>
  </datafield>
  <datafield tag="260" ind1=" " ind2=" ">
    <subfield code="a">Bogot&#xE1; D.C. , Colombia : </subfield>
    <subfield code="b">Penguin Random House Mondadori, </subfield>
    <subfield code="c">2020</subfield>
  </datafield>
  <datafield tag="300" ind1=" " ind2=" ">
    <subfield code="a">329 p&#xE1;ginas ; </subfield>
    <subfield code="c">19 cm.</subfield>
  </datafield>
  <datafield tag="490" ind1=" " ind2="0">
    <subfield code="a">Debolsillo. Contempor&#xE1;nea</subfield>
  </datafield>
  <datafield tag="490" ind1="1" ind2=" ">
    <subfield code="a">Biblioteca Garc&#xED;a M&#xE1;rquez</subfield>
  </datafield>
  <datafield tag="500" ind1=" " ind2=" ">
    <subfield code="a">"Era, en efecto, el autom&#xF3;vil de Maruja. Hab&#xED;a transcurrido por lo menos media hora desde el secuestro, y s&#xF3;lo quedaban los rastros: el cristal del lado del chofer destruido por un balazo, la mancha de sangre y el granizo de vidrio en el asiento, y la sombra h&#xFA;meda en el asfalto, de donde acababan de llevarse al chofer todav&#xED;a con vida. El resto estaba limpio y en orden". </subfield>
  </datafield>
  <datafield tag="650" ind1=" " ind2="4">
    <subfield code="a">Novela colombiana.</subfield>
  </datafield>
  <datafield tag="650" ind1=" " ind2="4">
    <subfield code="a">Secuestro</subfield>
    <subfield code="v"> Novela.</subfield>
  </datafield>
  <datafield tag="650" ind1=" " ind2=" ">
    <subfield code="a">Terrorismo</subfield>
    <subfield code="z"> Colombia</subfield>
    <subfield code="v"> Novela.</subfield>
  </datafield>
  <datafield tag="942" ind1=" " ind2=" ">
    <subfield code="c">BKLIT</subfield>
  </datafield>
  <datafield tag="949" ind1=" " ind2=" ">
    <subfield code="a">c             </subfield>
    <subfield code="b">c</subfield>
  </datafield>
  <datafield tag="999" ind1=" " ind2=" ">
    <subfield code="c">14277</subfield>
    <subfield code="d">14277</subfield>
  </datafield>
  <datafield tag="952" ind1=" " ind2=" ">
    <subfield code="0">0</subfield>
    <subfield code="1">0</subfield>
    <subfield code="2">ddc</subfield>
    <subfield code="4">0</subfield>
    <subfield code="7">0</subfield>
    <subfield code="8">LA</subfield>
    <subfield code="a">BPMOS</subfield>
    <subfield code="b">BPMOS</subfield>
    <subfield code="d">2022-06-03</subfield>
    <subfield code="e">Compra BPSJBM 2022</subfield>
    <subfield code="i">NT</subfield>
    <subfield code="l">6</subfield>
    <subfield code="m">4</subfield>
    <subfield code="o">AN GARn</subfield>
    <subfield code="p">MOS502336</subfield>
    <subfield code="r">2024-11-21</subfield>
    <subfield code="s">2024-11-06</subfield>
    <subfield code="t">EJ. 1</subfield>
    <subfield code="w">2022-06-03</subfield>
    <subfield code="y">BKLIT</subfield>
    <subfield code="z">Quince d&#xED;as</subfield>
  </datafield>
  <datafield tag="952" ind1=" " ind2=" ">
    <subfield code="0">0</subfield>
    <subfield code="1">0</subfield>
    <subfield code="2">ddc</subfield>
    <subfield code="4">0</subfield>
    <subfield code="7">0</subfield>
    <subfield code="8">LA</subfield>
    <subfield code="a">BPMOS</subfield>
    <subfield code="b">BPMOS</subfield>
    <subfield code="d">2022-06-03</subfield>
    <subfield code="e">Compra BPSJBM 2022</subfield>
    <subfield code="i">NT</subfield>
    <subfield code="l">5</subfield>
    <subfield code="m">3</subfield>
    <subfield code="o">AN GARn</subfield>
    <subfield code="p">MOS502439</subfield>
    <subfield code="q">2025-02-14</subfield>
    <subfield code="r">2025-01-28</subfield>
    <subfield code="s">2025-01-28</subfield>
    <subfield code="t">EJ. 2</subfield>
    <subfield code="w">2022-06-03</subfield>
    <subfield code="y">BKLIT</subfield>
    <subfield code="z">Quince d&#xED;as</subfield>
  </datafield>
</record>
